The RICS and Macdonald and Company Middle East rewards and attitudes survey 2015 (Record no. 115490)

MARC details
000 -LEADER
fixed length control field 01488cad a22002655a 4500
001 - CONTROL NUMBER
control field L158755
008 - FIXED-LENGTH DATA ELEMENTS--GENERAL INFORMATION
fixed length control field 100521s2015 xxkd f s 000 0 eng d
035 ## - SYSTEM CONTROL NUMBER
System control number (Sirsi) u158755
041 0# - LANGUAGE CODE
Language code of text/sound track or separate title eng
050 04 - LIBRARY OF CONGRESS CALL NUMBER
Classification number 331.281333 $2 18
110 2# - MAIN ENTRY--CORPORATE NAME
Corporate name or jurisdiction name as entry element Royal Institution of Chartered Surveyors
9 (RLIN) 4900
240 04 - UNIFORM TITLE
Uniform title The RICS and Macdonald and Company salary survey
245 04 - TITLE STATEMENT
Title The RICS and Macdonald and Company Middle East rewards and attitudes survey 2015
Remainder of title executive summary and key findings
Medium [electronic resource]
260 ## - PUBLICATION, DISTRIBUTION, ETC.
Place of publication, distribution, etc. London
Name of publisher, distributor, etc. Macdonald and Company
Place of publication, distribution, etc. London
Name of publisher, distributor, etc. RICS
Date of publication, distribution, etc. 2015
520 ## - SUMMARY, ETC.
Summary, etc. Key findings from the RICS and Macdonald and Company Rewards and Attitudes Survey 2015. Several of the major consultancies are now setting up in the Saudi, and the Abu Dhabi government is spending on infrastructure and destination projects. Strengthening of dollar and weakening of euro, sterling and ruble results in the UAE being less competitive as a destination and tourist and investors numbers falling as a result.
520 ## - SUMMARY, ETC.
Summary, etc. A full copy of the report is not available in the Library.
521 2# - TARGET AUDIENCE NOTE
Target audience note Advanced
590 ## - LOCAL NOTE (RLIN)
Local note KA
650 24 - SUBJECT ADDED ENTRY--TOPICAL TERM
Topical term or geographic name entry element RICS SALARY AND BENEFITS SURVEYS
651 #4 - SUBJECT ADDED ENTRY--GEOGRAPHIC NAME
Geographic name Middle East
690 ## - LOCAL SUBJECT ADDED ENTRY--TOPICAL TERM (OCLC, RLIN)
Topical term or geographic name as entry element Business and management
710 2# - ADDED ENTRY--CORPORATE NAME
Corporate name or jurisdiction name as entry element Macdonald and Company
9 (RLIN) 3846
856 40 - ELECTRONIC LOCATION AND ACCESS
Uniform Resource Identifier <a href="http://web.archive.org/web/20180519152843/http://www.macdonaldandcompany.com/File.ashx?path=Root/Documents/Salary_Survey/ME_SalSurv_2015.pdf">http://web.archive.org/web/20180519152843/http://www.macdonaldandcompany.com/File.ashx?path=Root/Documents/Salary_Survey/ME_SalSurv_2015.pdf</a>
Public note View via the web archive
942 ## - ADDED ENTRY ELEMENTS (KOHA)
Suppress in OPAC 0
Source of classification or shelving scheme Dewey Decimal Classification
Holdings
Withdrawn status Lost status Source of classification or shelving scheme Damaged status Not for loan Home library Current library Shelving location Date acquired Total Checkouts Full call number Barcode Date last seen Copy number Price effective from Koha item type
    Dewey Decimal Classification     Virtual Virtual Online 13/07/2015   ONLINE PUBLICATION 158755-2001 06/08/2019 1 06/08/2019 Book